000 00645nam a2200169 a 4500
008 120416s1999 ||||||||||||||||| || u
020 _a1557758255
050 _aIMF(08)
100 _aGèurgen, Emine
245 1 0 _aEconomic reforms in Kazakhstan, Kyrgyz republic, Tajikistan, Turkmenistan, and Uzbekistan
260 _aWashington, D.C.
_bIMF
_c1999
300 _avii, 77p. : ill.
350 _a0.00
650 _aASIA, CENTRAL--ECONOMIC POLICY
650 _aASIA, CENTRAL--ECONOMIC CONDITIONS
995 _D0.00
_FCBU-MAIN LIBRARY (Kitwe)
_H1
_I18.00
_M1
_UAVAILABLE
_ZInternational Publications
999 _c40899
_d40899